000 00766nam a2200217 i 4500
001 39171
003 ES-MaACL
005 20251224063016.0
007 t|
008 030227s1859 sp ||||1| spa d
080 _a339.727.2(460:72)
100 1 _aCampuzano, Joaquín Francisco,
_d1786-1860
_934341
245 1 0 _aJuicio imparcial sobre la cuestión de Méjico /
_cJoaquín Francisco Campuzano.
260 _aMadrid :
_b[s.n.],
_c1859 (
_fImp. de Manuel Anoz)
300 _a12 p. ;
_c20 cm.
530 _aDisponible en formato digital.
650 4 _aPréstamos españoles-
_zMéxico.
_9149474
852 4 _aES-MaACL
_jT-106-F-3
856 4 _uhttp://bdh-rd.bne.es/viewer.vm?id=0000103427&page=1
_zBiblioteca Digital Hispánica
999 _c39171
_d39171